000 01087nam a22002657a 4500
005 20170124103055.0
010 _aB-037171
020 _c85.00
_a8126305398
035 _aB-037171
037 _bCen Lib/Ret
040 _aDPL
_bHN
082 _a
_bजीलानी
100 _aजीलानी बानो
_971784
245 _aगुडिया का घर /
_cजीलानी बानो; अनुवादक सुरजीत
246 _aGudiya ka ghar /
_bby Jilani Bano; anuvadak Surjit
260 _aनयी दिल्ली
_bभारतीय ज्ञानपीठ
_c2000
270 _a18, इंस्टीट्युशनल एरिया, लोधी रोड
_bनयी दिल्ली
_e110003
300 _a132पृ.
_c21सेमी (सजिल्द)
650 _aउर्दू साहित्य
_971785
650 _aउपन्यास
_971786
650 _aUrdu literature
_971787
650 _aFiction
_98901
700 _aसुरजीत
_9500
942 _2ddc
_cHN
_h
_mजीलानी
999 _c117409
_d117409